000 00315nam a2200121Ia 4500
008 191201s2009 xx 000 0 und d
100 _aCHAUDHURI, Arindam
245 0 _aDiscover The Diamond In You
260 _aN. Delhi
_bVikas Publication House
_c2009
300 _a109
650 _aGeneral Books
942 _2ddc
_cBK
999 _c4394
_d4394